| 000 | 00000nam##2200000za#4500 |
| 001 | 9.699767 |
| 003 | CaOODSP |
| 005 | 20210625000529 |
| 007 | cr ||||||||||| |
| 008 | 150407|1986||||xxc|||||o f|0| 0 eng|d |
| 040 | |aCaOODSP|beng |
| 043 | |an-cn--- |
| 086 | 1 |aMP15-15/1986E-PDF |
| 110 | 1 |aCanada. |bHuman Resources and Skills Development Canada. |
| 245 | 10|aCommission of Inquiry on Unemployment Insurance - report / |h[electronic resource]|cCharles E. Forget, chairman. |
| 260 | |aOttawa - Ontario : |bHuman Resources and Skills Development Canada |cNovember 1986. |
| 300 | |a162, 151, 113, 104p.|bcoloured figs., graphs, maps (some coloured), tables, photographs |
| 500 | |aHistorical publication digitized in 2008 by Privy Council Office of Canada. |
| 590 | |a15-04-Supp|b2015-03-19 |
| 690 | 07|aCommissions of inquiry|2gcpds |
| 690 | 07|aEmployment insurance|2gcpds |
| 775 | 08|tRapport de la Commission d'enquête sur l'assurance-chômage / |w(CaOODSP)9.643744 |
| 856 | 40|ahttp://publications.gc.ca|qPDF|s10.46 MB|uhttps://publications.gc.ca/collections/collection_2014/rhdcc-hrsdc/MP15-15-1986-2-eng.pdf |
| 856 | 40|ahttp://publications.gc.ca|qPDF|s5.42 MB|uhttps://publications.gc.ca/collections/collection_2014/rhdcc-hrsdc/MP15-15-1986-3-eng.pdf |
| 856 | 40|ahttp://publications.gc.ca|qPDF|s11.96 MB|uhttps://publications.gc.ca/collections/collection_2014/rhdcc-hrsdc/MP15-15-1986-1-eng.pdf |
| 856 | 40|ahttp://publications.gc.ca|qPDF|s6.38 MB|uhttps://publications.gc.ca/collections/collection_2014/rhdcc-hrsdc/MP15-15-1986-4-eng.pdf |